The crisis of the deeper life (Record no. 16114)

000 -LEADER
fixed length control field 00509nam a2200169 a 4500
001 - CONTROL NUMBER
control field :::00018780$&:&@@
003 - CONTROL NUMBER IDENTIFIER
control field OkBaRHE
005 - DATE AND TIME OF LATEST TRANSACTION
control field 20010108145053.0
008 - FIXED-LENGTH DATA ELEMENTS--GENERAL INFORMATION
fixed length control field s1906 j 000 0 eng u
040 ## - CATALOGING SOURCE
Transcribing agency
100 1# - MAIN ENTRY--PERSONAL NAME
Personal name Pardington, George P.
245 14 - TITLE STATEMENT
Title The crisis of the deeper life
260 ## - PUBLICATION, DISTRIBUTION, ETC. (IMPRINT)
Place of publication, distribution, etc Harrisburg, PA.
Name of publisher, distributor, etc Christian Publilcations, Inc.
Date of publication, distribution, etc 1906
300 ## - PHYSICAL DESCRIPTION
Extent 232 P.
942 ## - ADDED ENTRY ELEMENTS (KOHA)
Source of classification or shelving scheme
Koha item type Books
Copies
Shelving location Not for loan Copy number Full call number Price effective from Damaged status Barcode Date last seen Withdrawn status Source of classification or shelving scheme Koha item type Date acquired Permanent Location Lost status
General Stacks 1BV 4501 .P32010-04-14 187802010-04-14  Books2010-04-14RHEMA Bible Training College